The Trains of Melbourne - Statistics

General Stats
  • This quiz has been taken 78 times
  • The average score is 8 of 15
Answer Stats
Question Answer % Correct
What is the name of the oldest train in the fleet? Comeng
90%
What is the name of the newest train in the fleet? (Not the abbreviation) High Capacity Metro Train
78%
What is the name of the trains that entered service in 1972 and were retired in 2014? Hitachi
66%
What is the popular nickname of the Tait trains? Red Rattlers
59%
What trains were retired in the 1980's because they had asbestos? Harris
57%
What year did The Split occur? 1999
55%
What two companies operated the network during The Split? (2) M>Train
55%
What is the name of the new trains that entered service in the early 2000's? (2) Siemens Nexus
55%
What is the name of the new trains that entered service in the early 2000's? (1) X'Trapolis 100
55%
What company operates suburban trains in Melbourne today? Metro Trains Melbourne
50%
What was the first suburban train to run in Melbourne? Swing Door
48%
What year did electric train services first begin running in Melbourne? 1919
41%
What year does Metro's contract expire? 2024
40%
What two companies operated the network during The Split? (1) Connex Melbourne
33%
Which company was the first to operate electric suburban trains in Melbourne? Victorian Railways
33%
No matching quizzes found
Score Distribution
Percent of People with Each Score
Percentile by Number Answered
Your Score History
You have not taken this quiz